| 000 | 00682nac a22001571u 4500 | ||
|---|---|---|---|
| 008 | 080904t eu||||| |||| 00| 0 ara d | ||
| 082 |
_a320.1 _bك ا س |
||
| 110 |
_aWezarat Al Thakafa _916493 |
||
| 245 |
_aالدولة والأسطورة/ _cتأليف أرنست كاسيرر؛ ترجمة أحمد حمدي محمود؛ مراجعة أحمد خاكي |
||
| 260 |
_aالقاهرة : _bالهيئة المصرية العامة للكتاب،1975 _c1975 |
||
| 300 |
_a392ص؛ _c24سم |
||
| 511 | _aCatalogued by: Sara | ||
| 541 |
_aاالهيئة العامة المصرية للكتاب ؛ _cشراء ؛ |
||
| 700 |
_aخاكى، احمد _9403 |
||
| 942 |
_cBB _k320.1 ك ا س _2ddc |
||
| 999 |
_c7457 _d7457 |
||